[Event "23e tournoi d'automne"]
[Site "Montigny le Bretonneux"]
[Date "2025.10.20"]
[Round "3.12"]
[White "Talbi, Ibrahim"]
[Black "Martinez, Alberto"]
[Result "1-0"]
[WhiteElo "1688"]
[BlackElo "1527"]
[Annotator "Rivier,Sylvain"]
[PlyCount "51"]
[EventDate "2025.??.??"]
[WhiteTeam "La Tour de Mantes"]
[BlackTeam "Le Petit-Roque de Sèvres-Ville d'Avray"]

{Défense sicilienne, variante Najdorf} 1. e4 c5 2. Nf3 d6 3. d4 cxd4 4. Nxd4
Nf6 5. Nc3 a6 6. Be2 e5 7. Nb3 Be6 8. Bg5 Be7 9. O-O O-O 10. Bxf6 Bxf6 11. Nd5
Nd7 12. f4 exf4 13. c3 Be5 14. Nxf4 b5 15. Nd4 Qb6 16. Kh1 Bc4 17. Nd5 Qb7 18.
Bxc4 bxc4 19. Qe2 Nc5 20. Nc6 Rfe8 21. Na5 Qb8 22. Nxc4 Qd8 23. Qf2 Ra7 24. b4
Nxe4 25. Qxa7 Qh4 26. Qxf7+ 1-0

[Event "23e tournoi d'automne"]
[Site "Montigny le Bretonneux"]
[Date "2025.10.20"]
[Round "3.13"]
[White "Carbonero, Jean Marc"]
[Black "Couradin, Jean-Marie"]
[Result "0-1"]
[WhiteElo "1399"]
[BlackElo "1666"]
[Annotator "Rivier,Sylvain"]
[PlyCount "44"]
[EventDate "2025.??.??"]
[WhiteTeam "La Dame Noire"]
[BlackTeam "La Dame Noire"]

{Défense Caro-Kann} 1. e4 c6 2. Nf3 d5 3. e5 Bf5 4. Be2 e6 5. O-O c5 6. b3 Nc6
7. Ba3 Qb6 8. Nc3 a6 9. Na4 Qa7 10. Nh4 Bg6 11. Nxg6 hxg6 12. Nc3 Nxe5 13. f4
Nc6 14. Bb2 Nf6 15. Bf3 Bd6 16. Re1 Kf8 17. Ne2 Nd4 18. Bxd4 cxd4 19. d3 Rc8
20. a4 Bb4 21. Rf1 Qc5 22. Rc1 Ba3 0-1

[Event "23e tournoi d'automne"]
[Site "Montigny le Bretonneux"]
[Date "2025.10.20"]
[Round "3.14"]
[White "Plantet, Marc"]
[Black "Chakour, Samir"]
[Result "0-1"]
[WhiteElo "1826"]
[BlackElo "1399"]
[Annotator "Rivier,Sylvain"]
[PlyCount "79"]
[EventDate "2025.??.??"]
[WhiteTeam "La Dame Noire"]
[BlackTeam "Saint-Quentin en Yvelines"]

{Défense française, variante d'avance} 1. e4 e6 2. d4 d5 3. e5 c5 4. c3 Qb6
5. Bd3 Bd7 6. Nf3 Bb5 7. Bc2 Nd7 8. a4 Ba6 9. a5 Qc7 10. Na3 Ne7 11. Bf4 Nc6
12. dxc5 Nxa5 13. b4 Nc4 14. Bd3 Nb2 15. Bxa6 Nxd1 16. Rxd1 bxa6 17. O-O Be7
18. Rfe1 O-O 19. Nc2 a5 20. Ncd4 Rab8 21. c6 axb4 22. cxd7 Qxd7 23. Re3 b3 24.
Nd2 b2 25. N4b3 Rfc8 26. Rb1 Ba3 27. Rd3 Qb5 28. Rg3 Qa4 29. Nd4 Bc5 30. Bh6 g6
31. N4f3 Qc2 32. Ne1 Qf5 33. Nd3 Qh5 34. Rh3 Qe2 35. Rf3 a5 36. h4 a4 37. Rxb2
Rxb2 38. Nxb2 a3 39. Na4 a2 40. Nb3 0-1

[Event "23e tournoi d'automne"]
[Site "Montigny le Bretonneux"]
[Date "2025.10.20"]
[Round "3.15"]
[White "Moulun, Raphael"]
[Black "Bimont, Stephanie"]
[Result "1-0"]
[WhiteElo "1583"]
[BlackElo "1551"]
[Annotator "Rivier,Sylvain"]
[PlyCount "75"]
[EventDate "2025.??.??"]
[WhiteTeam "La Dame Noire"]
[BlackTeam "Inter Chess"]

{Ouverture Bird} 1. f4 d5 2. c4 e6 3. Nf3 a6 4. e3 Nf6 5. Nc3 Be7 6. Be2 dxc4
7. Bxc4 b5 8. Bb3 Bb7 9. d3 O-O 10. O-O c5 11. a3 Nc6 12. Qe2 Qc7 13. Bd2 Rfd8
14. Rac1 Qd7 15. Bc2 Rac8 16. Ne5 Qd6 17. Ng4 b4 18. Nxf6+ Bxf6 19. Ne4 Qe7 20.
Nxf6+ Qxf6 21. Rb1 a5 22. Rf3 Ne7 23. e4 Ng6 24. Kh1 Qd4 25. Be3 Qd7 26. Rg3
Ba6 27. Rd1 Qc6 28. f5 exf5 29. exf5 Ne5 30. Bf4 Nd7 31. Qg4 g6 32. Bh6 Ne5 33.
Qf4 Re8 34. fxg6 fxg6 35. d4 cxd4 36. Re1 Qd6 37. Bxg6 Nf7 38. Qxf7+ 1-0

[Event "23e tournoi d'automne"]
[Site "Montigny le Bretonneux"]
[Date "2025.10.20"]
[Round "3.16"]
[White "Derex, Nicolas"]
[Black "Gasq, Eliott"]
[Result "0-1"]
[WhiteElo "1654"]
[BlackElo "1508"]
[Annotator "Rivier,Sylvain"]
[PlyCount "130"]
[EventDate "2025.??.??"]
[WhiteTeam "C.E. Fontenay le Fleury Les Fous Furieux"]
[BlackTeam "La Dame Noire"]

{Gambit dame, défense slave, variante d'échange} 1. d4 d5 2. c4 c6 3. cxd5
cxd5 4. Nc3 Nf6 5. Bf4 Nc6 6. e3 a6 7. Bd3 e6 8. Nf3 Be7 9. O-O Nh5 10. Bg3
Nxg3 11. hxg3 f5 12. Rc1 Bf6 13. a3 Bd7 14. b4 b5 15. Qe2 Qb6 16. Nd2 O-O 17.
Nb3 Be7 18. Qf3 Rf6 19. Nxd5 exd5 20. Qxd5+ Be6 21. Qxc6 Qxc6 22. Rxc6 Bxb3 23.
Rc7 Bd6 24. Rc3 Bd5 25. Rfc1 Rff8 26. Be2 Be6 27. Bd3 Rfc8 28. Rxc8+ Rxc8 29.
Rxc8+ Bxc8 30. Kf1 Kf7 31. Ke2 g6 32. f4 Bb7 33. Kf2 Kf6 34. Kf1 Bc6 35. Kf2
Bc7 36. Be2 a5 37. bxa5 Bxa5 38. d5 Bd7 39. Bf3 Bb6 40. Ke2 Bc5 41. Kd3 Bxa3
42. Kc2 Bc5 43. e4 fxe4 44. Bxe4 Bf2 45. g4 Be3 46. g5+ Kf7 47. g3 Bf2 48. Kd3
Bxg3 49. Ke3 Ke7 50. Bd3 b4 51. Bc2 Kd6 52. Kf3 Be1 53. Bb3 Be8 54. Ke4 Bc3 55.
f5 gxf5+ 56. Kxf5 Bf7 57. Ke4 Bd2 58. Kd3 Bxg5 59. Kc4 Bxd5+ 60. Kxb4 Bxb3 61.
Kxb3 Ke5 62. Kc2 Kf4 63. Kd2 Kf3+ 64. Ke1 Kg2 65. Ke2 h5 0-1

[Event "23e tournoi d'automne"]
[Site "Montigny le Bretonneux"]
[Date "2025.10.20"]
[Round "3.17"]
[White "Garabedian, Christophe"]
[Black "Le Yaouanq, Gerard"]
[Result "0-1"]
[WhiteElo "1399"]
[BlackElo "1567"]
[Annotator "Rivier,Sylvain"]
[PlyCount "92"]
[EventDate "2025.??.??"]
[WhiteTeam "La Dame Noire"]
[BlackTeam "Saint-Quentin en Yvelines"]

{Partie du pion dame} 1. d4 d5 2. Bf4 e6 3. Nc3 Bd6 4. Bg3 a6 5. Nf3 b6 6. Ne5
Bb7 7. e3 Nd7 8. Bd3 Nxe5 9. dxe5 Bf8 10. O-O Ne7 11. Ne2 c5 12. Nf4 Qc7 13. c4
Rd8 14. Qc2 g6 15. Rad1 Bg7 16. Rfe1 Bxe5 17. b3 Bxf4 18. Bxf4 e5 19. Bg5 e4
20. Be2 Qe5 21. f4 exf3 22. Bf4 Qf5 23. Qb2 d4 24. Bd3 Qg4 25. Bf1 Kf8 26. Be5
Rg8 27. exd4 fxg2 28. Bxg2 Bxg2 29. Qxg2 Qxg2+ 30. Kxg2 f5 31. dxc5 Rxd1 32.
Rxd1 bxc5 33. Bd6 Kf7 34. Bxc5 Re8 35. Re1 Nc6 36. Rxe8 Kxe8 37. Be3 Kd7 38.
Kf3 Nb4 39. a3 Nc2 40. Bc5 Kc6 41. Bb4 Nd4+ 42. Kf4 Nxb3 43. Ke5 a5 44. Bf8 a4
45. h4 Na5 46. c5 Nc4+ 0-1

[Event "23e tournoi d'automne"]
[Site "Montigny le Bretonneux"]
[Date "2025.10.20"]
[Round "3.18"]
[White "Archet, Jean-Claude"]
[Black "Bouloc, Roger"]
[Result "0-1"]
[WhiteElo "1554"]
[BlackElo "1414"]
[Annotator "Rivier,Sylvain"]
[PlyCount "58"]
[EventDate "2025.??.??"]
[WhiteTeam "Club 608 d'Echecs Paris"]
[BlackTeam "La Dame Noire"]

{Défense sicilienne, variante Alapine} 1. e4 c5 2. c3 Nc6 3. d4 cxd4 4. cxd4
Nf6 5. e5 Nd5 6. Nf3 e6 7. a3 d6 8. Bc4 dxe5 9. dxe5 Be7 10. O-O O-O 11. Bxd5
Qxd5 12. Qxd5 exd5 13. h3 Be6 14. Bf4 f6 15. exf6 Bxf6 16. Nc3 Bxc3 17. bxc3
Rxf4 18. Rfe1 Bf7 19. Re3 h6 20. Rae1 Ra4 21. Ra1 Re8 22. Rd3 Ne5 23. Re3 Nxf3+
24. Rxf3 g5 25. g3 Kf8 26. Rd3 Re7 27. Kf1 Rae4 28. Rb1 b6 29. Rb4 Re1+ 0-1

[Event "23e tournoi d'automne"]
[Site "Montigny le Bretonneux"]
[Date "2025.10.20"]
[Round "3.19"]
[White "Montay, Jean-Paul"]
[Black "Ben Abdallah, Mohammed"]
[Result "1-0"]
[WhiteElo "1549"]
[BlackElo "1299"]
[Annotator "Rivier,Sylvain"]
[PlyCount "75"]
[EventDate "2025.??.??"]
[WhiteTeam "La Dame Noire"]
[BlackTeam "La Dame Noire"]

{Ouverture anglaise, système hollandais} 1. c4 e5 2. Nc3 f5 3. d3 Nf6 4. Nf3
Nc6 5. e3 Bd6 6. Be2 Qe7 7. O-O b6 8. e4 fxe4 9. dxe4 Bb7 10. Bd3 O-O-O 11. Nd5
Nxd5 12. cxd5 Nb4 13. Bg5 Qe8 14. Bxd8 Qxd8 15. a3 Nxd3 16. Qxd3 c6 17. dxc6
dxc6 18. Rfd1 Kc7 19. Qc3 Qe7 20. Nd2 a5 21. Nc4 Rd8 22. Nxd6 Rxd6 23. Rxd6
Qxd6 24. f3 Qd4+ 25. Qxd4 exd4 26. Kf2 c5 27. Ke2 Ba6+ 28. Kd2 Kc6 29. Rc1 Kd6
30. Re1 Ke5 31. f4+ Kxf4 32. e5 Bb5 33. e6 Be8 34. g3+ Kg4 35. Rf1 Bb5 36. Rf4+
Kh3 37. e7 Kxh2 38. Rf8 1-0

[Event "23e tournoi d'automne"]
[Site "Montigny le Bretonneux"]
[Date "2025.10.21"]
[Round "4.1"]
[White "Beaufils, Philippe"]
[Black "Kham-Nguyen, Mathys"]
[Result "0-1"]
[WhiteElo "1835"]
[BlackElo "1883"]
[Annotator "Rivier,Sylvain"]
[PlyCount "40"]
[EventDate "2025.??.??"]
[WhiteTeam "GIF-CC2-Echecs"]
[BlackTeam "Cergy Pontoise Echecs"]

{Défense moderne} 1. e4 g6 2. d4 Bg7 3. Nc3 d6 4. Be3 a6 5. a4 b6 6. h4 h5 7.
Bc4 Bb7 8. Nh3 e6 9. Ng5 Nf6 10. f3 d5 11. Bd3 dxe4 12. Ncxe4 Nd5 13. Bf2 Nf4
14. g3 Nxd3+ 15. Qxd3 Nc6 16. O-O-O Qe7 17. c3 O-O-O 18. Rhe1 Qd7 19. Qc2 Na5
20. Kb1 Bd5 0-1

[Event "23e tournoi d'automne"]
[Site "Montigny le Bretonneux"]
[Date "2025.10.21"]
[Round "4.2"]
[White "Pourcel, Nathanael"]
[Black "Kunne, Ronald"]
[Result "1/2-1/2"]
[WhiteElo "1759"]
[BlackElo "1809"]
[Annotator "Rivier,Sylvain"]
[PlyCount "83"]
[EventDate "2025.??.??"]
[WhiteTeam "Club d'Echecs du Vesinet"]
[BlackTeam "Club d'Echecs d'Orsay"]

{Gambit dame, variante d'échange} 1. d4 d5 2. c4 e6 3. Nc3 Nf6 4. cxd5 exd5 5.
Bg5 Nbd7 6. e3 c6 7. Bd3 Be7 8. Qc2 O-O 9. Nge2 Re8 10. O-O Nf8 11. f3 g6 12.
Bh4 Ne6 13. Bf2 c5 14. dxc5 Nxc5 15. Nd4 Be6 16. Rad1 Rc8 17. Qb1 Nh5 18. Rfe1
Bh4 19. Bxh4 Qxh4 20. Qc2 a6 21. Qf2 Qf6 22. Bb1 b5 23. a3 Qg7 24. Ba2 Nf6 25.
Rd2 Ncd7 26. Red1 Nb6 27. Nce2 Nc4 28. Bxc4 dxc4 29. Nxe6 Rxe6 30. Rd8+ Rxd8
31. Rxd8+ Re8 32. Rxe8+ Nxe8 33. Nc3 Qe5 34. Qd2 Nd6 35. e4 f5 36. exf5 Nxf5
37. Qd8+ Kf7 38. Qd7+ Qe7 39. Qd5+ Qe6 40. Qb7+ Qe7 41. Qd5+ Qe6 42. Qb7+
1/2-1/2

[Event "23e tournoi d'automne"]
[Site "Montigny le Bretonneux"]
[Date "2025.10.21"]
[Round "4.3"]
[White "Forissier, Nicolas"]
[Black "Mourgues, Joelle"]
[Result "1-0"]
[WhiteElo "1887"]
[BlackElo "1686"]
[Annotator "Rivier,Sylvain"]
[PlyCount "43"]
[EventDate "2025.??.??"]
[WhiteTeam "La Dame Noire"]
[BlackTeam "Saint-Quentin en Yvelines"]

{Défense Nimzo-indienne, variante des trois cavaliers} 1. d4 Nf6 2. c4 e6 3.
Nc3 Bb4 4. Nf3 Ne4 5. Qc2 f5 6. e3 O-O 7. Bd3 Bxc3+ 8. bxc3 Nf6 9. Ba3 d6 10.
c5 b6 11. cxd6 cxd6 12. Qb3 Nc6 13. O-O Qc7 14. Rac1 a5 15. Rb1 Rb8 16. Bxf5 a4
17. Bxe6+ Kh8 18. Qc4 b5 19. Rxb5 Rxb5 20. Bxc8 Ra5 21. Be6 Rd8 22. d5 1-0

[Event "23e tournoi d'automne"]
[Site "Montigny le Bretonneux"]
[Date "2025.10.21"]
[Round "4.4"]
[White "Giblin, Martin"]
[Black "Corbeau, Lou"]
[Result "1/2-1/2"]
[WhiteElo "1843"]
[BlackElo "1690"]
[Annotator "Rivier,Sylvain"]
[PlyCount "128"]
[EventDate "2025.??.??"]
[WhiteTeam "Malakoff et Mat"]
[BlackTeam "C'Chartres Echecs"]

{Défense française} 1. e4 e6 2. g3 d5 3. e5 c5 4. Nf3 Nc6 5. Bg2 Nge7 6. O-O
Ng6 7. Re1 Qc7 8. d3 Be7 9. c4 d4 10. Qe2 Rb8 11. h4 h5 12. Na3 a6 13. Nc2 b5
14. cxb5 axb5 15. b4 cxb4 16. Ncxd4 Nxd4 17. Nxd4 Bd7 18. Bb2 Bc5 19. Rac1 Qb6
20. Nb3 Rc8 21. d4 Be7 22. Rxc8+ Bxc8 23. Rc1 Bb7 24. Bxb7 Qxb7 25. Nc5 Bxc5
26. Rxc5 Ne7 27. Qxb5+ Qxb5 28. Rxb5 Nc6 29. Rb6 Kd7 30. Rb7+ Ke8 31. Rc7 Ne7
32. a3 Kd8 33. Ra7 Rf8 34. axb4 Nc6 35. Ra8+ Ke7 36. Rxf8 Kxf8 37. b5 Na5 38.
Kf1 Nc4 39. Bc3 Ke8 40. Bb4 Kd7 41. Ke2 Nb6 42. Bf8 g6 43. Kd3 Nd5 44. Bc5 Kc7
45. Kc4 Kb7 46. Kd3 Nc7 47. b6 Nd5 48. Ke4 Kc6 49. f3 Kb7 50. g4 Kc6 51. gxh5
gxh5 52. f4 Kb7 53. f5 Kc6 54. f6 Kb7 55. Kd3 Ka6 56. Kc4 Ne3+ 57. Kd3 Nd5 58.
Ke2 Nf4+ 59. Kf3 Nd5 60. Kg3 Kb7 61. Kh3 Nf4+ 62. Kh2 Nd5 63. Kg2 Nf4+ 64. Kf2
Nd5 1/2-1/2

[Event "23e tournoi d'automne"]
[Site "Montigny le Bretonneux"]
[Date "2025.10.21"]
[Round "4.5"]
[White "Fasquelle, Cedric"]
[Black "Talbi, Ibrahim"]
[Result "1-0"]
[WhiteElo "1795"]
[BlackElo "1688"]
[Annotator "Rivier,Sylvain"]
[PlyCount "102"]
[EventDate "2025.??.??"]
[WhiteTeam "Saint-Quentin en Yvelines"]
[BlackTeam "La Tour de Mantes"]

{Défense sicilienne, variante Taïmanov} 1. e4 c5 2. Nf3 Nc6 3. d4 cxd4 4.
Nxd4 Nf6 5. Nc3 d6 6. Bc4 e6 7. O-O Be7 8. Nxc6 bxc6 9. Qe2 d5 10. exd5 cxd5
11. Bb3 O-O 12. Nb5 a6 13. Nd4 Bd6 14. Bg5 Bd7 15. c4 e5 16. Nf3 e4 17. Nd2
dxc4 18. Bxc4 Be5 19. Nxe4 Qb6 20. Nxf6+ Bxf6 21. Bxf6 Qxf6 22. Rfd1 Rfe8 23.
Qf1 Bc6 24. Rd2 Qg5 25. Rad1 Bf3 26. Be2 Bc6 27. f3 Qe3+ 28. Kh1 g6 29. Bc4
Rac8 30. Re2 Qb6 31. b3 Rxe2 32. Qxe2 Re8 33. Qd2 Bb5 34. Bxb5 Qxb5 35. h3 Re2
36. Qd8+ Kg7 37. Qd4+ Kg8 38. Qf6 Re8 39. Rd6 a5 40. Rb6 Re1+ 41. Kh2 Qe5+ 42.
Qxe5 Rxe5 43. Ra6 Kf8 44. Ra7 Kg7 45. Kg3 Kf6 46. Ra6+ Kf5 47. Kf2 Kg5 48. g3
Rb5 49. f4+ Kf5 50. Kf3 h5 51. g4+ hxg4+ 1-0

[Event "23e tournoi d'automne"]
[Site "Montigny le Bretonneux"]
[Date "2025.10.21"]
[Round "4.6"]
[White "Boutant, Jade"]
[Black "Couradin, Jean-Marie"]
[Result "1-0"]
[WhiteElo "1787"]
[BlackElo "1666"]
[Annotator "Rivier,Sylvain"]
[PlyCount "55"]
[EventDate "2025.??.??"]
[WhiteTeam "Le Petit-Roque de Sèvres-Ville d'Avray"]
[BlackTeam "La Dame Noire"]

{Ouverture anglaise, variante Kérès} 1. c4 e5 2. Nc3 Nf6 3. g3 c6 4. d4 exd4
5. Qxd4 Na6 6. Nf3 Bc5 7. Qd1 d5 8. cxd5 cxd5 9. e3 Nc7 10. Bg2 Qe7 11. O-O O-O
12. Qd3 Bd7 13. Nd4 Rad8 14. Bd2 Bc6 15. a3 a6 16. b4 Bxd4 17. exd4 Rfe8 18.
Rfe1 Qd7 19. Bg5 Rxe1+ 20. Rxe1 Nce8 21. a4 h6 22. Bxf6 Nxf6 23. b5 axb5 24.
axb5 Re8 25. Re5 Rxe5 26. dxe5 d4 27. bxc6 Qc7 28. Qxd4 1-0

[Event "23e tournoi d'automne"]
[Site "Montigny le Bretonneux"]
[Date "2025.10.21"]
[Round "4.7"]
[White "Demetz, Yves"]
[Black "Meddour, Ithri"]
[Result "1-0"]
[WhiteElo "1766"]
[BlackElo "1619"]
[Annotator "Rivier,Sylvain"]
[PlyCount "71"]
[EventDate "2025.??.??"]
[WhiteTeam "La Dame Noire"]
[BlackTeam "Saint-Quentin en Yvelines"]

{Défense Caro-Kann, variante d'avance} 1. e4 c6 2. d4 d5 3. e5 Bf5 4. Nc3 e6
5. g4 Bg6 6. Nge2 h6 7. Nf4 Bh7 8. Bd3 Bxd3 9. Qxd3 Qb6 10. Be3 Bb4 11. O-O
Bxc3 12. bxc3 Nd7 13. Nh5 Kf8 14. f4 g6 15. f5 exf5 16. Ng3 Re8 17. gxf5 g5 18.
Rab1 Qc7 19. f6 b6 20. Rbe1 Re6 21. Nf5 Ngxf6 22. exf6 Nxf6 23. Bf2 Ne4 24. Bg3
Qd7 25. Ne3 Rg8 26. Ng4 Qe7 27. Be5 Rgg6 28. c4 h5 29. cxd5 cxd5 30. Nf2 Nxf2
31. Rxf2 Ke8 32. Ref1 Rc6 33. Qf5 Rc4 34. Qxf7+ Qxf7 35. Rxf7 Rxc2 36. Rxa7 1-0

[Event "23e tournoi d'automne"]
[Site "Montigny le Bretonneux"]
[Date "2025.10.??"]
[Round "4.8"]
[White "Chakour, Samir"]
[Black "Salagnac, Sowan"]
[Result "0-1"]
[WhiteElo "1399"]
[BlackElo "1744"]
[Annotator "Rivier,Sylvain"]
[PlyCount "50"]
[EventDate "2025.??.??"]
[WhiteTeam "Saint-Quentin en Yvelines"]
[BlackTeam "Saint-Quentin en Yvelines"]

{Ouverture anglaise} 1. c4 e5 2. g3 Nf6 3. Bg2 d5 4. cxd5 Nxd5 5. Nc3 Be6 6. e3
Nc6 7. Nge2 Ndb4 8. d4 exd4 9. exd4 Nxd4 10. O-O Nxe2+ 11. Qxe2 c6 12. b3 Be7
13. Bb2 O-O 14. Rab1 Qa5 15. a4 Rfe8 16. Ra1 Bxb3 17. Rfe1 Nc2 18. Qg4 h5 19.
Qd7 Nxe1 20. Rxe1 Be6 21. Qxb7 Rab8 22. Qxc6 Rec8 23. Qf3 Rxb2 24. Ne2 Qxe1+
25. Bf1 Bh3 0-1

[Event "23e tournoi d'automne"]
[Site "Montigny le Bretonneux"]
[Date "2025.10.21"]
[Round "4.9"]
[White "Chatterjee, Adhyayan"]
[Black "Marques, Gil"]
[Result "0-1"]
[WhiteElo "1692"]
[BlackElo "1615"]
[Annotator "Rivier,Sylvain"]
[PlyCount "58"]
[EventDate "2025.??.??"]
[WhiteTeam "C.E. de  Bois-Colombes"]
[BlackTeam "C.E. de  Bois-Colombes"]

{Défense française, variante d'avance} 1. e4 e6 2. d4 d5 3. e5 c5 4. c3 Nc6
5. Nf3 Bd7 6. Be2 f6 7. Bf4 Qb6 8. Qb3 Be7 9. O-O c4 10. Qc2 Qd8 11. b3 b5 12.
bxc4 bxc4 13. Nbd2 f5 14. Rab1 g5 15. Bxg5 Bxg5 16. Nxg5 Qxg5 17. f4 Qh6 18.
Rb7 Nge7 19. Nf3 Bc8 20. Rb2 Rb8 21. Rxb8 Nxb8 22. Qa4+ Nbc6 23. Rb1 Qxf4 24.
Rb8 O-O 25. Rxc8 Rxc8 26. Bxc4 Qe3+ 27. Kf1 dxc4 28. Qxc4 Nd5 29. Qa6 Rb8 0-1

[Event "23e tournoi d'automne"]
[Site "Montigny le Bretonneux"]
[Date "2025.10.21"]
[Round "4.10"]
[White "Conq, Alain"]
[Black "Gazay, Didier"]
[Result "1-0"]
[WhiteElo "1748"]
[BlackElo "1730"]
[Annotator "Rivier,Sylvain"]
[PlyCount "100"]
[EventDate "2025.??.??"]
[WhiteTeam "Echiquier Scéen - Sceaux"]
[BlackTeam "Echiquier Scéen - Sceaux"]

{Défense hollandaise} 1. d4 d5 2. c4 c6 3. Nc3 f5 4. Bf4 Nf6 5. e3 e6 6. Nf3
Bd6 7. Bd3 O-O 8. O-O Ne4 9. Qc2 Qe7 10. c5 Bxf4 11. exf4 b6 12. b4 Nd7 13. Ne5
Bb7 14. Na4 b5 15. Nc3 a5 16. a3 Nxc3 17. Qxc3 Nf6 18. bxa5 Ne4 19. Bxe4 fxe4
20. g3 Qc7 21. a4 Ba6 22. axb5 Bxb5 23. Rfb1 Ra6 24. Ra3 Qe7 25. f3 g5 26. fxg5
Qxg5 27. f4 Rxf4 28. Rxb5 cxb5 29. c6 Rf8 30. c7 Rc8 31. Qc5 Raa8 32. Qc6 Ra7
33. Qxe6+ Kg7 34. Qxc8 Qc1+ 35. Kg2 Rxc7 36. Qg4+ Kf6 37. Qf4+ Qxf4 38. gxf4
Kf5 39. a6 b4 40. a7 Rc2+ 41. Kg3 bxa3 42. a8=Q Rc3+ 43. Kf2 e3+ 44. Kf3 e2+
45. Kxe2 Ke4 46. Kd2 Rb3 47. Kc2 Re3 48. Nc4 Re2+ 49. Nd2+ Kxf4 50. Qxa3 Rf2
1-0

[Event "23e tournoi d'automne"]
[Site "Montigny le Bretonneux"]
[Date "2025.10.21"]
[Round "4.11"]
[White "Duget, Long Jc"]
[Black "Moulun, Raphael"]
[Result "1-0"]
[WhiteElo "1707"]
[BlackElo "1583"]
[Annotator "Rivier,Sylvain"]
[PlyCount "75"]
[EventDate "2025.??.??"]
[WhiteTeam "C.E. Fontenay le Fleury Les Fous Furieux"]
[BlackTeam "La Dame Noire"]

{Défense russe, variante moderne} 1. e4 e5 2. Nf3 Nf6 3. Nxe5 Nxe4 4. d4 d5 5.
c4 Bb4+ 6. Nd2 O-O 7. Be2 dxc4 8. O-O Bf5 9. Ndxc4 Nd7 10. Be3 f6 11. Nxd7 Qxd7
12. Qb3 Kh8 13. Qxb4 b5 14. Na5 a6 15. Rac1 Nd6 16. b3 Qf7 17. Bf3 Rad8 18. Qc5
Be4 19. Bxe4 Nxe4 20. Qf5 Nd6 21. Qh3 Ne4 22. f3 Ng5 23. Qg3 Rd5 24. Rxc7 Qe6
25. f4 Nf7 26. Rfc1 g5 27. Qf2 Nd6 28. fxg5 Ne4 29. Qh4 Qf5 30. Rf1 Qg6 31.
gxf6 Nxf6 32. Nc6 Rf5 33. Rc1 Rf3 34. Ne5 Qf5 35. gxf3 Rg8+ 36. Kf2 Qe6 37.
Nf7+ Kg7 38. Qh6# 1-0

[Event "23e tournoi d'automne"]
[Site "Montigny le Bretonneux"]
[Date "2025.10.21"]
[Round "4.12"]
[White "Martinez, Alberto"]
[Black "Jusselin, Benoit"]
[Result "1/2-1/2"]
[WhiteElo "1527"]
[BlackElo "1627"]
[Annotator "Rivier,Sylvain"]
[PlyCount "155"]
[EventDate "2025.??.??"]
[WhiteTeam "Le Petit-Roque de Sèvres-Ville d'Avray"]
[BlackTeam "La Diagonale - Eybens"]

{Ouverture du pion roi} 1. e4 b6 2. d4 Bb7 3. Nc3 e6 4. Bd3 c5 5. Be3 cxd4 6.
Bxd4 Nf6 7. Nf3 Nc6 8. a3 Nxd4 9. Nxd4 a6 10. Qe2 g6 11. Nf3 Bg7 12. h3 O-O 13.
O-O b5 14. Qe3 Rc8 15. e5 Nd5 16. Nxd5 Bxd5 17. Be4 Bxe4 18. Qxe4 Rc4 19. Qd3
Qc7 20. c3 Rc5 21. Rfe1 Rd5 22. Qe2 d6 23. exd6 Qxd6 24. Rad1 Rd8 25. Rxd5 Qxd5
26. Qe3 Qb3 27. Qc1 Rd5 28. Nd2 Qa4 29. Re4 Qa5 30. Nf3 Qd8 31. Re1 h5 32. Qe3
Qc7 33. Qe2 Qd6 34. Qe4 a5 35. Qc2 b4 36. axb4 axb4 37. c4 Ra5 38. Rd1 Qc7 39.
b3 Ra3 40. Qd3 Qc5 41. Qc2 Qc7 42. Qd3 Bf8 43. Nd4 Ra2 44. Qb1 Ra8 45. Nb5 Qc5
46. Qe4 Ra2 47. Qd4 Qxd4 48. Nxd4 Bc5 49. Kf1 Rb2 50. f4 Bxd4 51. Rxd4 Rxb3 52.
c5 Rc3 53. Rxb4 Rxc5 54. Kf2 Kg7 55. Kg3 Rc3+ 56. Kh4 Rc5 57. g4 hxg4 58. hxg4
Rc1 59. g5 Rc7 60. Re4 Kf8 61. Rd4 Ke7 62. Re4 Rc5 63. Kg3 Kd6 64. Kg4 Kc6 65.
Kf3 Rd5 66. Kg4 Kb5 67. Kf3 Kc5 68. Ke3 Rd1 69. Re5+ Kd6 70. Ke2 Rd5 71. Re4
Kc5 72. Kf3 Rd3+ 73. Kg4 Ra3 74. Kh4 Kd5 75. Re5+ Kd4 76. Kg4 Ra1 77. Kf3 Rf1+
78. Kg4 1/2-1/2

[Event "23e tournoi d'automne"]
[Site "Montigny le Bretonneux"]
[Date "2025.10.21"]
[Round "4.13"]
[White "Demeocq, Agathe"]
[Black "Longbien, Dominique"]
[Result "0-1"]
[WhiteElo "1299"]
[BlackElo "1625"]
[Annotator "Rivier,Sylvain"]
[PlyCount "66"]
[EventDate "2025.??.??"]
[WhiteTeam "Geneston Sud Loire échecs"]
[BlackTeam "La Dame Noire"]

{Défense des deux cavaliers} 1. e4 e5 2. Nf3 Nc6 3. Bc4 Nf6 4. Ng5 d5 5. exd5
Nxd5 6. Nf3 Nb6 7. Bb5 Bd7 8. Bxc6 Bxc6 9. Nxe5 Bb5 10. d3 Qd6 11. Bf4 f6 12.
Nf7 Qe6+ 13. Be3 Qxf7 14. O-O O-O-O 15. Nc3 Bc6 16. a4 Qg6 17. g3 Bb4 18. Na2
a5 19. Nxb4 axb4 20. a5 Nd5 21. Bc5 Nf4 22. Re1 Nh3+ 23. Kf1 Qf5 24. Re2 Qxc5
25. a6 bxa6 26. Rxa6 Kb7 27. Ra1 Bf3 28. Qd2 Bxe2+ 29. Qxe2 Rhe8 30. Qd2 Ra8
31. Rb1 Re6 32. c3 Qc6 33. cxb4 Qh1# 0-1

[Event "23e tournoi d'automne"]
[Site "Montigny le Bretonneux"]
[Date "2025.10.21"]
[Round "4.14"]
[White "Gasq, Eliott"]
[Black "Warin, Anouk"]
[Result "1/2-1/2"]
[WhiteElo "1508"]
[BlackElo "1590"]
[Annotator "Rivier,Sylvain"]
[PlyCount "80"]
[EventDate "2025.??.??"]
[WhiteTeam "La Dame Noire"]
[BlackTeam "C.E. Fontenay le Fleury "]

{Ouverture anglaise} 1. c4 e5 2. Nc3 Nf6 3. e4 Bb4 4. d3 O-O 5. Bd2 Nc6 6. a3
Be7 7. Nf3 d6 8. h3 Ne8 9. Nd5 f5 10. Nxe7+ Qxe7 11. Qb3 fxe4 12. dxe4 Qf7 13.
Be3 Nf6 14. Bd3 Be6 15. Ng5 Qe7 16. Nxe6 Qxe6 17. Qxb7 Qd7 18. Qb3 Nd4 19. Qc3
c5 20. O-O Nxe4 21. Qe1 Nf6 22. f4 e4 23. Bxd4 cxd4 24. Bxe4 Rae8 25. Bxh7+
Nxh7 26. Qd2 Re4 27. Rae1 Rfe8 28. Qa5 Rxe1 29. Rxe1 Rxe1+ 30. Qxe1 d5 31. c5
Nf6 32. Qd1 Qf5 33. Qxd4 Qc2 34. g4 Qc1+ 35. Kg2 Qc2+ 36. Kf3 Qb3+ 37. Qc3 Qd1+
38. Ke3 Qg1+ 39. Kd3 Qd1+ 40. Qd2 Qb3+ 1/2-1/2

[Event "23e tournoi d'automne"]
[Site "Montigny le Bretonneux"]
[Date "2025.10.21"]
[Round "4.15"]
[White "Le Yaouanq, Gerard"]
[Black "Montay, Jean-Paul"]
[Result "1-0"]
[WhiteElo "1567"]
[BlackElo "1549"]
[Annotator "Rivier,Sylvain"]
[PlyCount "49"]
[EventDate "2025.??.??"]
[WhiteTeam "Saint-Quentin en Yvelines"]
[BlackTeam "La Dame Noire"]

{Défense moderne, système Averbach} 1. c4 g6 2. g3 Bg7 3. Bg2 d6 4. e4 Nd7 5.
Ne2 e5 6. Nbc3 Ne7 7. O-O O-O 8. d4 exd4 9. Nxd4 Nc6 10. Nxc6 bxc6 11. Qc2 a5
12. Rb1 Bb7 13. b3 Re8 14. Re1 f5 15. Bb2 fxe4 16. Bxe4 Nf6 17. Bg2 Qd7 18.
Rbd1 Rxe1+ 19. Rxe1 Re8 20. Qd2 Rxe1+ 21. Qxe1 d5 22. cxd5 cxd5 23. Na4 Qb5 24.
Qe6+ Kh8 25. Bxf6 {S'en est suivi un coup illégal : Df8} 1-0